000 00579nam a22002417a 4500
003 UA-OsUOA
001 54326
007 ta
008 20080605b un ||||| |||| 00| 0 ukr d
100 _aMaksymenko S. D.
090 _a159.923
942 _cBK
040 _aUA-OsUOA
_beng
_cUA-OsUOA
_dUA-OsUOA
245 _aPsychological nature of the personality
_bMonograph
300 _a216 с.
955 _a2
041 _aeng
080 _a159.923
020 _a978-966-96599-9-6
260 _aК.
_bKMM
_c2007
650 7 _a159.9 Психологія
_2UDC
999 _c340423
_d340423